| 000 | 01325cam a2200337 a 4500 | ||
|---|---|---|---|
| 999 |
_c41515 _d41515 |
||
| 001 | 12931286 | ||
| 003 | OSt | ||
| 005 | 20221026105830.0 | ||
| 008 | 020916s2003 ilua b 001 0 eng | ||
| 010 | _a 2002015184 | ||
| 020 | _a0226065677 ((cloth) : alk. paper) | ||
| 020 | _a0226065685 ((paper) : alk. paper) | ||
| 040 |
_aDLC _cDLC _dDLC |
||
| 050 | 0 | 0 |
_aQ180.55.M4 _bB66 2003 |
| 082 | 0 | 0 |
_a300.72 _221 _bBOO/C |
| 100 |
_aBooth, Wayne C _95570 |
||
| 245 | 1 | 4 |
_aThe craft of research / _cWayne C. Booth, Gregory G. Colomb, Joseph M. Williams. |
| 250 | _a2nd ed. | ||
| 260 |
_aChicago : _bUniversity of Chicago press, _cc2003. |
||
| 300 |
_axv, 329 p. : _bill. ; _c22 cm. |
||
| 440 | 0 | _aChicago guides to writing, editing, and publishing | |
| 504 | _aIncludes bibliographical references and index. | ||
| 650 | 0 |
_aResearch _xMethodology. |
|
| 650 | 0 | _aTechnical writing. | |
| 700 | 1 | _aColomb, Gregory G. | |
| 700 | 1 | _aWilliams, Joseph M. | |
| 856 | 4 | 2 |
_3Publisher description _uhttp://www.loc.gov/catdir/description/uchi051/2002015184.html |
| 856 | 4 | 2 |
_3Contributor biographical information _uhttp://www.loc.gov/catdir/bios/uchi051/2002015184.html |
| 856 | 4 | 1 |
_3Table of contents _uhttp://www.loc.gov/catdir/toc/uchi051/2002015184.html |
| 942 |
_2ddc _cBK _h300.72 _iBOO/C _k300.72 _mBOO/C |
||